000 02821cam a22006374i 4500
003 PE-LiUPU
005 20250731170425.0
008 190123s2016 mx a r 000 0 spa d
020 _a9875914576
020 _a9789875914575
035 _a(Sirsi) a251432
040 _aPE-LiUPU
_bspa
_cPE-LiUPU
_erda
049 _aPRUA
082 0 4 _a150
_bN16
100 1 _aNahoul, Vanessa,
_eautor.
245 1 0 _aTécnica de Entrevista con Adolecencia:
_bIntegrando modelos Psicológicos /
_cVanessa Nahoul, José González Nuñez.
264 1 _aBuenos Aires, Argentina :
_bBrujas,
_c2016.
300 _a201 páginas :
_bilustraciones ;
_c24 centímetros
336 _atext
_2rdacontent
337 _aunmediated
_2rdamedia
338 _avolume
_2rdacarrier
504 _aBibliografía : páginas 195.
505 0 _aLa adolescencia -- La refencia del adolecente a la Primera -- La primera Entrevista Psicológica -- El encuadre y el contrato -- La estructura de la Entrevista -- La Entrevista Clínica de diagnóstico -- Técnicas no Verbales para entrevistar Adolecentes -- Técnicas no directivas en la entrevista -- Técnicas Directivas en la Entrevista -- Modelo de Entrevista con Base en la identificación -- El acompañamiento como Técnica para Entrevistar al adolecente -- La Ética en la Entrevista Psicológica con Adolecentes -- La Comunicación Subjetiva Entrevistador- Adolescente Entrevistado.
526 _aSEG68
526 _aSEG70
526 _aSEG69
526 _aSEG67
526 _aSEG43
526 _aP144
526 _aP143
526 _aP131
526 _aP122
526 _aP120
526 _aP117
526 _aP112
526 _aP110
526 _aP106
526 _aP101
526 _aP80
526 _aP59
526 _aP54
526 _aP35
526 _aP33
526 _aP30
541 _gF002-00000832;
541 _g002-00001573;
650 0 4 _aPsicología Entrevistas a adolecentes.
910 _armch
_btqv
_cjfb
_d20190123
910 _abrg
_bksl
_cksl
_d20190806
942 _2ddc
_cBOOK
949 _a150 N16 2016
_wDEWEY
_c1
_iFJ12418
_lCCODEBUJ1
_mBUJ
_p18.00
_r0
_sY
_tBOOK
_u2019-01-23
_xSALUD
_zPSICOLOGÍA
_0COMPRA
_o.STAFF. Colección General Juliaca
994 _aCO
_bPEPRU
596 _a1
999 _a150 N16 2016
_wDEWEY
_c30833
_iFJ12418
_d30833
_e2019-6-23
_f2022-1-17
_g3
_lCCODEBUJ1
_mBUL
_n4
_p18.00
_q4
_r0
_sY
_tBOOK
_u2019-1-23
_xSALUD
_zP33
_0COMPRA
_1FCOMPR2
_2UNKNOWN
_o.STAFF. Colección General Juliaca
999 _a150 N16 2016
_wDEWEY
_c2
_i80491
_f2021-11-3
_g3
_lCCODEBUL1
_mBUL
_p14.52
_r0
_sY
_tBOOK
_u2019-8-6
_xSALUD
_zP33
_0COMPRA
_1FCOMPR3
_o.STAFF. Colección Ciencias de la Salud
980 _81
_gALBERTO SANCHEZ Responsable de Automatización